The capability problem in contract law : Further readings on well-known cases
A Casebook is a selected compilation of cases designed to illustrate the development of a body of law on a particular subject. Text and explanatory materials accompany the cases.
Guardado en:
| Autor principal: | |
|---|---|
| Formato: | Libro |
| Lenguaje: | Undetermined |
| Publicado: |
Mineola, N.Y.
Foundation Press
1978
|
| Materias: | |
| Etiquetas: |
Agregar Etiqueta
Sin Etiquetas, Sea el primero en etiquetar este registro!
|
| Thư viện lưu trữ: | Trung tâm Học liệu Trường Đại học Cần Thơ |
|---|
| LEADER | 00824nam a2200229Ia 4500 | ||
|---|---|---|---|
| 001 | CTU_186556 | ||
| 008 | 210402s9999 xx 000 0 und d | ||
| 082 | |a 346.7302 | ||
| 082 | |b D199 | ||
| 100 | |a Danzig, Richard | ||
| 245 | 4 | |a The capability problem in contract law : | |
| 245 | 0 | |b Further readings on well-known cases | |
| 245 | 0 | |c Richard Danzig | |
| 260 | |a Mineola, N.Y. | ||
| 260 | |b Foundation Press | ||
| 260 | |c 1978 | ||
| 520 | |a A Casebook is a selected compilation of cases designed to illustrate the development of a body of law on a particular subject. Text and explanatory materials accompany the cases. | ||
| 650 | |a Contracts,Hợp đồng | ||
| 650 | |x Cases,Tố tụng | ||
| 650 | |z United States,Hoa Kỳ | ||
| 910 | |a Hải | ||
| 980 | |a Trung tâm Học liệu Trường Đại học Cần Thơ | ||